000 00701nac a22001931u 4500
010 _a 95006693
020 _a0131852167
082 0 0 _a658.7
_bA752
090 _c4078
_d4078
100 _aArnold, J. R. Tony,
245 1 0 _aIntroduction to materials management /
_cJ.R. Tony Arnold.
250 _a2nd ed.
260 _aUpper Saddle River, N.J. :
_bPrentice Hall,
_cc1996.
300 _aix, 373 p. :
_bill. ;
_c24 cm.
504 _aIncludes bibliographical references (p. 364-367) and index.
650 0 _aMaterials management.
942 _cBB
_k658.7A752
999 _c4078
_d4078